<?xml version="1.0" encoding="UTF-8"?>
<record
    xmlns:xsi="http://www.w3.org/2001/XMLSchema-instance"
    xsi:schemaLocation="http://www.loc.gov/MARC21/slim http://www.loc.gov/standards/marcxml/schema/MARC21slim.xsd"
    xmlns="http://www.loc.gov/MARC21/slim">

  <leader>01896nam a22002297a 4500</leader>
  <controlfield tag="001">6661</controlfield>
  <controlfield tag="003">FISKH</controlfield>
  <controlfield tag="005">20250519140529.0</controlfield>
  <controlfield tag="008">250519b        cb ||||| |||| 00| 0 eng d</controlfield>
  <datafield tag="040" ind1=" " ind2=" ">
    <subfield code="a">FISKH</subfield>
    <subfield code="b">khr</subfield>
    <subfield code="c">FISKH</subfield>
    <subfield code="d">FISKH</subfield>
  </datafield>
  <datafield tag="082" ind1=" " ind2=" ">
    <subfield code="a">550</subfield>
  </datafield>
  <datafield tag="100" ind1=" " ind2=" ">
    <subfield code="a">Sopheak, Ouch</subfield>
  </datafield>
  <datafield tag="245" ind1=" " ind2=" ">
    <subfield code="a">&#x1795;&#x17C2;&#x1793;&#x178A;&#x17B8;&#x1793;&#x17B7;&#x1784;&#x1794;&#x179A;&#x17B7;&#x179F;&#x17D2;&#x1790;&#x17B6;&#x1793;&#x179C;&#x17B7;&#x1791;&#x17D2;&#x1799;&#x17B6; &#x1790;&#x17D2;&#x1793;&#x17B6;&#x1780;&#x17CB;&#x1791;&#x17B8;&#x17E1;&#x17E0;&#x200B;&#x200B;&#x200B; :</subfield>
    <subfield code="b">&#x179F;&#x17C6;&#x178E;&#x17BD;&#x179A;-&#x1785;&#x1798;&#x17D2;&#x179B;&#x17BE;&#x1799;&#x1782;&#x17D2;&#x179A;&#x1794;&#x17CB;&#x1798;&#x17C1;&#x179A;&#x17C0;&#x1793; /</subfield>
    <subfield code="c">&#x17A2;&#x17CA;&#x17BC;&#x1785; &#x179F;&#x17BB;&#x1797;&#x17D0;&#x1780;&#x17D2;&#x179A; </subfield>
  </datafield>
  <datafield tag="260" ind1=" " ind2=" ">
    <subfield code="a">&#x1797;&#x17D2;&#x1793;&#x17C6;&#x1796;&#x17C1;&#x1789; :</subfield>
    <subfield code="b">&#x179F;&#x17B6; &#x17A2;&#x17BB;&#x17B8;&#x1798; , </subfield>
    <subfield code="c">&#x17E2;&#x17E0;&#x17E1;&#x17E3; .</subfield>
  </datafield>
  <datafield tag="300" ind1=" " ind2=" ">
    <subfield code="a">98 pages : </subfield>
    <subfield code="b">illustrations ;</subfield>
    <subfield code="c">15 cm . </subfield>
  </datafield>
  <datafield tag="520" ind1=" " ind2=" ">
    <subfield code="a">&#x179C;&#x17B7;&#x179F;&#x17D0;&#x1799;&#x1795;&#x17C2;&#x1793;&#x178A;&#x17B8; &#x1793;&#x17B7;&#x1784;&#x1794;&#x179A;&#x17B7;&#x179F;&#x17D2;&#x1790;&#x17B6;&#x1793;&#x179C;&#x17B7;&#x1791;&#x17D2;&#x1799;&#x17B6;&#x179F;&#x1798;&#x17D2;&#x179A;&#x17B6;&#x1794;&#x17CB;&#x1790;&#x17D2;&#x1793;&#x17B6;&#x1780;&#x17CB;&#x1791;&#x17B8;&#x17E1;&#x17E0; &#x1795;&#x17D2;&#x178F;&#x17C4;&#x178F;&#x1791;&#x17C5;&#x179B;&#x17BE;&#x1780;&#x17B6;&#x179A;&#x1799;&#x179B;&#x17CB;&#x178A;&#x17B9;&#x1784;&#x17A2;&#x17C6;&#x1796;&#x17B8;&#x179F;&#x1798;&#x17B6;&#x179F;&#x1792;&#x17B6;&#x178F;&#x17BB;&#x1795;&#x17C2;&#x1793;&#x178A;&#x17B8;, &#x1785;&#x179B;&#x1793;&#x17B6; &#x1793;&#x17B7;&#x1784;&#x1795;&#x179B;&#x1794;&#x17C9;&#x17C7;&#x1796;&#x17B6;&#x179B;&#x17CB;&#x179A;&#x1794;&#x179F;&#x17CB;&#x179C;&#x17B6;&#x1796;&#x17D2;&#x179A;&#x1798;&#x1791;&#x17B6;&#x17C6;&#x1784;&#x1780;&#x17B6;&#x179A;&#x1799;&#x1780;&#x1785;&#x17B7;&#x178F;&#x17D2;&#x178F;&#x1791;&#x17BB;&#x1780;&#x178A;&#x17B6;&#x1780;&#x17CB;&#x179B;&#x17BE;&#x1780;&#x17B6;&#x179A;&#x179A;&#x1780;&#x17D2;&#x179F;&#x17B6;&#x1791;&#x17BB;&#x1780;&#x1794;&#x179A;&#x17B7;&#x179F;&#x17D2;&#x1790;&#x17B6;&#x1793;&#x17D4; &#x179C;&#x17B6;&#x1795;&#x17D2;&#x178F;&#x179B;&#x17CB;&#x17B1;&#x17D2;&#x1799;&#x1793;&#x17B7;&#x179F;&#x17D2;&#x179F;&#x17B7;&#x178F;&#x17B1;&#x1780;&#x17B6;&#x179F;&#x1799;&#x179B;&#x17CB;&#x178A;&#x17B9;&#x1784;&#x1796;&#x17B8;&#x1780;&#x17B6;&#x179A;&#x179A;&#x17B8;&#x1780;&#x1785;&#x1798;&#x17D2;&#x179A;&#x17BE;&#x1793;&#x1793;&#x17C3;&#x1795;&#x17C2;&#x1793;&#x178A;&#x17B8; &#x1793;&#x17B7;&#x1784;&#x179C;&#x17B7;&#x1792;&#x17B6;&#x1793;&#x1780;&#x17B6;&#x179A;&#x178A;&#x17BE;&#x1798;&#x17D2;&#x1794;&#x17B8;&#x1780;&#x17B6;&#x179A;&#x1796;&#x17B6;&#x179A;&#x1794;&#x179A;&#x17B7;&#x179F;&#x17D2;&#x1790;&#x17B6;&#x1793;&#x179F;&#x1798;&#x17D2;&#x179A;&#x17B6;&#x1794;&#x17CB;&#x17A2;&#x1793;&#x17B6;&#x1782;&#x178F;&#x17D4;</subfield>
  </datafield>
  <datafield tag="520" ind1=" " ind2=" ">
    <subfield code="a">Earth Science and Environmental Science for Grade 10 focuses on understanding the components of the Earth, their movements, and their impacts, with a strong emphasis on environmental conservation.  It provides students with knowledge of Earth's evolution and strategies for protecting the environment for future generations.</subfield>
  </datafield>
  <datafield tag="650" ind1=" " ind2=" ">
    <subfield code="a">&#x1795;&#x17C2;&#x1793;&#x178A;&#x17B8; &#x1793;&#x17B7;&#x1784;&#x1794;&#x179A;&#x17B7;&#x179F;&#x17D2;&#x1790;&#x17B6;&#x1793;&#x179C;&#x17B7;&#x1791;&#x17D2;&#x1799;&#x17B6;</subfield>
  </datafield>
  <datafield tag="650" ind1=" " ind2=" ">
    <subfield code="a">Geology and Environmental Science</subfield>
  </datafield>
  <datafield tag="942" ind1=" " ind2=" ">
    <subfield code="2">ddc</subfield>
    <subfield code="c">KHB</subfield>
    <subfield code="n">0</subfield>
  </datafield>
  <datafield tag="999" ind1=" " ind2=" ">
    <subfield code="c">6661</subfield>
    <subfield code="d">6661</subfield>
  </datafield>
  <datafield tag="952" ind1=" " ind2=" ">
    <subfield code="0">0</subfield>
    <subfield code="1">0</subfield>
    <subfield code="2">ddc</subfield>
    <subfield code="4">0</subfield>
    <subfield code="7">0</subfield>
    <subfield code="8">KH</subfield>
    <subfield code="a">002</subfield>
    <subfield code="b">002</subfield>
    <subfield code="c">SKB</subfield>
    <subfield code="d">2025-05-19</subfield>
    <subfield code="l">0</subfield>
    <subfield code="o">SOP 550</subfield>
    <subfield code="p">FISSE02648</subfield>
    <subfield code="r">2025-05-19 14:05:25</subfield>
    <subfield code="w">2025-05-19</subfield>
    <subfield code="y">KHB</subfield>
  </datafield>
</record>
